Giai thoại đất Quảng

Sưu tập những giai thoại được lưu truyền trong dân gian về học hành khoa cử, về tâm thế vì nước vì dân, về tài thao lược, thông minh, cương trực, về bài xích, chế giễu bọn sâu dân, mọt nước của những nhân vật nổi tiếng ở Quảng Nam, Đà Nẵng...

Full description

Saved in:
Bibliographic Details
Main Author: Hoàng Hương Việt
Format: Book
Language:Vietnamese
Published: H. Đại học Quốc gia Hà Nội 2010
Subjects:
Tags: Add Tag
No Tags, Be the first to tag this record!
Institutions: Mạng thư viện Đại học Đà Nẵng
LEADER 01577aam a22003738a 4500
001 000007077
003 3238
005 20120515100512.0
008 110926s2010 viesd
020 |d 2000b 
041 0 |a vie 
082 1 4 |2 14  |a 398.20959752  |b HÔI 
100 1 |a Hoàng Hương Việt 
245 1 0 |a Giai thoại đất Quảng  |c Hoàng Hương Việt 
260 |a H.  |b Đại học Quốc gia Hà Nội  |c 2010 
300 |a 264 tr.  |c 21cm. 
500 |a ĐTTS ghi: Hội Văn nghệ Dân gian Việt Nam 
504 |a Thư mục: tr. 257-258 
520 |a Sưu tập những giai thoại được lưu truyền trong dân gian về học hành khoa cử, về tâm thế vì nước vì dân, về tài thao lược, thông minh, cương trực, về bài xích, chế giễu bọn sâu dân, mọt nước của những nhân vật nổi tiếng ở Quảng Nam, Đà Nẵng 
651 7 |2 Bộ TK TVQG  |a Quảng Nam 
651 7 |2 Bộ TK TVQG  |a Đà Nẵng 
653 |a Nhân vật lịch sử 
655 7 |2 Bộ TK TVQG  |a Giai thoại 
910 |a Huỳnh Thị Cẩm Lai  |d 26/09/2011 
OWN |a LSP 
AVA |a UDN50  |b LSP  |d 398.20959752 HÔI  |e available  |t Error 5001 Not defined in file expand_doc_bib_avail.  |f 2  |g 0  |h N  |i 0  |k 1 
999 |a From the UDN01 
AVA |a UDN50  |b LSP  |d 398.20959752 HÔI  |e available  |t Error 5001 Not defined in file expand_doc_bib_avail.  |f 2  |g 0  |h N  |i 0  |k 1 
TYP |a Monograph 
TYP |a Printed language 
980 |a Mạng thư viện Đại học Đà Nẵng